POWER PLANT ENGINEERING (Record no. 5341)

MARC details
000 -LEADER
fixed length control field 00396nam a22001697a 4500
005 - DATE AND TIME OF LATEST TRANSACTION
control field 20170330103634.0
008 - FIXED-LENGTH DATA ELEMENTS--GENERAL INFORMATION
fixed length control field 170330b xxu||||| |||| 00| 0 eng d
020 ## - INTERNATIONAL STANDARD BOOK NUMBER
ISBN 978-81-318-0255-7
041 ## - LANGUAGE CODE
Language code of text/sound track or separate title eng
100 ## - MAIN ENTRY--AUTHOR NAME
Personal name RAJPUT,R.K
245 ## - TITLE STATEMENT
Title POWER PLANT ENGINEERING
250 ## - EDITION STATEMENT
Edition statement 5th
260 ## - PUBLICATION, DISTRIBUTION, ETC. (IMPRINT)
Name of publisher LAXHMI PUBLICATION
Year of publication 2016
300 ## - PHYSICAL DESCRIPTION
Number of Pages 691
650 ## - SUBJECT ADDED ENTRY--TOPICAL TERM
Topical Term ENGINEERING
942 ## - ADDED ENTRY ELEMENTS (KOHA)
Koha item type Books
Holdings
Lost status Damaged status Home library Current library Shelving location Date acquired Source of acquisition Cost, normal purchase price Accession Number Koha item type
    JRU Library   SHELF-6-B 29/03/2017 PURCHASE 775.00 21509 Books
    JRU Library   SHELF-38-D 29/03/2017 PURCHASE 775.00 21510 Books